00309nam a2200133Ia 4500008004100000100001400041245002000055250000600075260005000081300000800131650001200139942000700151999001700158190216s9999||||xx |||||||||||||| ||und|| aC.J .babu 0aModern Physics aI bCalicut University Central Co-Operativec2000 a350 aPhysics cBK c34668d34668